Agnisakshi : (Record no. 92287)
[ view plain ]
| 000 -LEADER | |
|---|---|
| fixed length control field | 01148nam a22002777a 4500 |
| 005 - DATE AND TIME OF LATEST TRANSACTION | |
| control field | 20180227115354.0 |
| 010 ## - LCCN (DPL NO) | |
| LC control number | 1617EN ENG-112400 |
| 020 ## - INTERNATIONAL STANDARD BOOK NUMBER | |
| International Standard Book Number | 9780199457007 |
| Terms of availability | 350.00 |
| 020 ## - INTERNATIONAL STANDARD BOOK NUMBER | |
| International Standard Book Number | 19945700x |
| Terms of availability | 350.00 |
| 035 ## - SYSTEM CONTROL NUMBER | |
| System control number | B-649836-846 |
| 035 ## - SYSTEM CONTROL NUMBER | |
| System control number | EN-95932 |
| 035 ## - SYSTEM CONTROL NUMBER | |
| System control number | B-664886 |
| 037 ## - SOURCE OF ACQUISITION | |
| Source of stock number/acquisition | Uppal |
| 037 ## - SOURCE OF ACQUISITION | |
| Source of stock number/acquisition | DBAD/PUB |
| 082 ## - DEWEY DECIMAL CLASSIFICATION NUMBER | |
| Classification number | N |
| 100 ## - MAIN ENTRY--PERSONAL NAME | |
| Personal name | Lalithambika Antharjanam |
| 245 ## - TITLE STATEMENT | |
| Title | Agnisakshi : |
| Remainder of title | fire, my witness / |
| Statement of responsibility, etc | by Lalithambika Antharjanam ; edited by Mini Krishnan ; translated from Malayalam by Vasanthi Sankaranarayanan |
| 260 ## - PUBLICATION, DISTRIBUTION, ETC. (IMPRINT) | |
| Place of publication, distribution, etc | New Delhi |
| Name of publisher, distributor, etc | Oxford University Press |
| Date of publication, distribution, etc | 2015 |
| 270 ## - ADDRESS | |
| Address | YMCA Library Building, 1 Jai Singh Road, |
| City | New Delhi |
| Postal code | 110001 |
| 300 ## - PHYSICAL DESCRIPTION | |
| Extent | xxxviii,166p. |
| Dimensions | 22cm(pbk) |
| 700 ## - ADDED ENTRY--PERSONAL NAME | |
| Personal name | Mini Krishnan |
| 700 ## - ADDED ENTRY--PERSONAL NAME | |
| Personal name | Vasanthi Sankaranarayanan |
| 942 ## - ADDED ENTRY ELEMENTS (KOHA) | |
| Source of classification or shelving scheme | Dewey Decimal Classification |
| Item type | English Books |
| Call number suffix | LAL |
| Classification part | N |
| Withdrawn status | Lost status | Not for loan | Collection code | Home library | Current library | Date acquired | Source of acquisition | Cost, normal purchase price | Full call number | Barcode | Copy number | Cost, replacement price | Koha item type |
|---|---|---|---|---|---|---|---|---|---|---|---|---|---|
| Fiction | Ashok Vihar | Ashok Vihar | 27/02/2018 | Uppal/14146/27.2.2017/EN/AV/473/15.2.2017/7.3.2017 | 350.00 | N LAL | B-664886 | 1 | 350.00 | English Books | |||
| Fiction | Bawana | Bawana | 20/03/2017 | PPD/EN/2016-17/307/24.11.2016/13891/5.12.2016/2.1.2017 | 350.00 | N LAL | B-649845 | 1 | 350.00 | English Books | |||
| Fiction | Central Library | Central Library | 20/03/2017 | PPD/EN/2016-17/307/24.11.2016/13891/5.12.2016/2.1.2017 | 350.00 | N LAL | B-649836 | 1 | 350.00 | English Books | |||
| Fiction | Janak Puri | Janak Puri | 20/03/2017 | PPD/EN/2016-17/307/24.11.2016/13891/5.12.2016/2.1.2017 | 350.00 | N LAL | B-649842 | 1 | 350.00 | English Books | |||
| Fiction | Karol Bagh | Karol Bagh | 20/03/2017 | PPD/EN/2016-17/307/24.11.2016/13891/5.12.2016/2.1.2017 | 350.00 | N LAL | B-649844 | 1 | 350.00 | English Books | |||
| Fiction | Kasturba Gandhi Marg | Kasturba Gandhi Marg | 17/03/2015 | DBAD/PUB | 350.00 | N LAL | EN-95932 | 1 | 350.00 | English Books | |||
| Fiction | Kasturba Gandhi Marg | Kasturba Gandhi Marg | 20/03/2017 | PPD/EN/2016-17/307/24.11.2016/13891/5.12.2016/2.1.2017 | 350.00 | N LAL | B-649839 | 1 | 350.00 | English Books | |||
| Fiction | New Police Line | New Police Line | 20/03/2017 | PPD/EN/2016-17/307/24.11.2016/13891/5.12.2016/2.1.2017 | 350.00 | N LAL | B-649837 | 1 | 350.00 | English Books | |||
| Fiction | Patel Nagar | Patel Nagar | 20/03/2017 | PPD/EN/2016-17/307/24.11.2016/13891/5.12.2016/2.1.2017 | 350.00 | N LAL | B-649838 | 1 | 350.00 | English Books | |||
| Fiction | Peshwa Road | Peshwa Road | 20/03/2017 | PPD/EN/2016-17/307/24.11.2016/13891/5.12.2016/2.1.2017 | 350.00 | N LAL | B-649840 | 1 | 350.00 | English Books | |||
| Fiction | Sarojini Nagar | Sarojini Nagar | 20/03/2017 | PPD/EN/2016-17/307/24.11.2016/13891/5.12.2016/2.1.2017 | 350.00 | N LAL | B-649843 | 1 | 350.00 | English Books | |||
| Fiction | Shahdara Branch | Shahdara Branch | 20/03/2017 | PPD/EN/2016-17/307/24.11.2016/13891/5.12.2016/2.1.2017 | 350.00 | N LAL | B-649846 | 1 | 350.00 | English Books | |||
| Fiction | Tri Nagar | Tri Nagar | 20/03/2017 | PPD/EN/2016-17/307/24.11.2016/13891/5.12.2016/2.1.2017 | 350.00 | N LAL | B-649841 | 1 | 350.00 | English Books |
